000 00409nam a22001457a 4500
999 _c94956
_d94956
005 20180731095349.0
008 170712b xxu||||| |||| 00| 0 eng d
020 _a086037002X
040 _cPK-LaUMT
082 _a297
_bISL-
245 _aIslam its meaning and message /
_cedited by Khurshid Ahmad
260 _aLondon:
_bIslamic council ;
_bIslamic council of Europe,
_c1976
300 _a279 p.
942 _cBK